Tomorrow never dies

Όταν ένα βρετανικό πολεμικό πλοίο εξαφανίζεται στα κινεζικά χωρικά ύδατα, οι δύο υπερδυνάμεις βρίσκονται στα πρόθυρα σύρραξης. Ο Μποντ ενώνει τις δυνάμεις του με την ασταμάτητη κινέζα πράκτορα Γουάι Λιν, και σύντομα όλα τα στοιχεία δείχνουν το μεγαλομανή μεγιστάνα των μίντια Έλιοτ Κάρβερ. Χρησιμοποι...

Πλήρης περιγραφή

Αποθηκεύτηκε σε:
Λεπτομέρειες βιβλιογραφικής εγγραφής
Άλλοι συγγραφείς: Spottiswoode, Roger (Διευθυντής), Brosnan, Pierce (Ηθοποιός), Pryce, Jonathan (Ηθοποιός), Yeoh, Michelle, 1963- (Ηθοποιός), Hatcher, Teri (Ηθοποιός), Baker, Joe Don (Ηθοποιός), Dench, Judi, 1934- (Ηθοποιός)
Μορφή: Διαφάνειες
Γλώσσα:English
Greek
Δημοσίευση: [S.l.] : MGM Home Entertainment, c2001.
Θέματα:
Ετικέτες: Προσθήκη ετικέτας
Δεν υπάρχουν, Καταχωρήστε ετικέτα πρώτοι!

MARC

LEADER 00000cgm a2200000 a 4500
001 1/119378
008 190628s2001####xx ||| | || ||eng||
040 |a GR-MyUa  |b gre  |c GR-MyUa  |e AACR2 
041 0 |a eng  |j gre 
082 7 |a 791.437   |2 (23) 
245 0 0 |a Tomorrow never dies   |h [μαγνητοσκόπηση] /   |c directed by Roger Spottiswoode. 
260 |a [S.l.] :   |b MGM Home Entertainment,   |c c2001. 
300 |a 1 βιντεοδίσκος (114 λεπτά) :   |b ομίλ., έγχρ. ;   |c 4 3/4 ίν. 
500 |a Κυκλοφόρησε πρώτη φορά ως κινηματογραφική ταινία το 1997. 
508 |a Μουσική, David Arnold ; διεύθυνση φωτογραφία, Robert Elswit. 
511 0 |a Pierce Brosnan, Jonathan Pryce, Michelle Yeoh, Hatcher Teri, Don Baker Joe, Judi Dench. 
520 8 |a Όταν ένα βρετανικό πολεμικό πλοίο εξαφανίζεται στα κινεζικά χωρικά ύδατα, οι δύο υπερδυνάμεις βρίσκονται στα πρόθυρα σύρραξης. Ο Μποντ ενώνει τις δυνάμεις του με την ασταμάτητη κινέζα πράκτορα Γουάι Λιν, και σύντομα όλα τα στοιχεία δείχνουν το μεγαλομανή μεγιστάνα των μίντια Έλιοτ Κάρβερ. Χρησιμοποιώντας την παλιά ερωτική του σχέση με την γυναίκα του Κάρβερ, ο Μποντ τον προσεγγίζει και αποκαλύπτει το σχέδιο του: η Κίνα είναι η μοναδική χώρα που αντιστέκεται στην παγκόσμια επικοινωνιακή κυριαρχία του Κάρβερ, οπότε ο κλεμμένος βρετανικός πύραυλος που κατευθύνεται προς το Πεκίνο δεν μπορεί να ανήκει σε κανέναν άλλον. 
546 |a Στα αγγλικά με υπότιτλους στα ελληνικά. 
600 1 0 |a Bond, James   |c (Fictitious character)  |v Drama. 
655 7 |a Feature films  |2 lcgft 
700 1 |a Spottiswoode, Roger,  |e drt 
700 1 |a Brosnan, Pierce,  |e act 
700 1 |a Pryce, Jonathan,  |e act 
700 1 |a Yeoh, Michelle,   |d 1963-  |e act 
700 1 |a Hatcher, Teri,  |e act 
700 1 |a Baker, Joe Don,  |e act 
700 1 |a Dench, Judi,   |d 1934-  |e act 
852 |a INST  |b SYROS  |c AV  |e 20190628  |h 791.437 SPO  |p 005500013581  |q 005500013581  |t DVD  |y 23 
970 |a Κοντού  |b Παρασκευή  |z 28/06/2019